| 000 | 00464nam a2200181Ia 4500 | ||
|---|---|---|---|
| 003 | GCL | ||
| 008 | 140319s9999 xx 000 0 eng d | ||
| 040 |
_aGCL / _cGCL |
||
| 082 | 0 | 4 |
_a956 _bD P |
| 100 | 1 | _aDAIS,FANY | |
| 245 | 1 | 0 |
_aTHE PALACE OF TOPRAPI IN ISTANBUL / _cDAIS,FANY |
| 260 |
_a[S.N] : _bCHARLES SCILMER SONS ، _c1970 |
||
| 300 | _a306P | ||
| 650 | 0 | 4 | _aISTANBUL |
| 650 | 0 | 4 | _aTOVRAVI - ISTANBUL |
| 650 | 0 | 4 | _aHISTORY - ISTANBUL |
| 942 |
_2ddc _cBK |
||
| 999 |
_c12268 _d12268 |
||